000 00743nam a2200265Ia 4500
003 GCL
005 20240530102518.0
008 140319s9999 xx 000 0 ara d
040 _aGCL /
_cGCL
082 0 4 _a507
_bط/هـ ق
100 1 _aهنرى, ادموند
245 1 0 _aالكتاب الاول 2ج /
_cهنرى, ادموند
260 _a[S.N] :
_bمكتبة لبنان ،
_c1980
300 _a50 ص
490 _aسلسلة الانجازات الحضارية
_v0
650 0 4 _aالعلماء
650 0 4 _aالطب
650 0 4 _aالاطفال
650 0 4 _aالكهرباء
650 0 4 _aالفلك
650 0 4 _aالعلوم
650 0 4 _aالذرات
700 1 _aبهية كرم (مترجم)
942 _2ddc
_cBK
999 _c32785
_d32785